LEADER 01382nam a2200289 a 4500 001 000000156341 003 CaOOAMICUS 005 20161116121138.0 008 161116s1978 it u000 u ita r 032 $aLibriCat 040 $aPUL$bita 100 1 $aFini, Mario.$0(OLS)http://pul/name/24031 245 11$a"Sacrificium Spiritale" in Tertulliano : $bricerca sul significato del culto cristiano / $cMario Fini . 260 $aBologna :$b[s.n.],$c1978. 300 $axviii, 71 p. ; $c24 cm. 502 $aEstratto di Tesi -- Pontificium Athenaeum S. Anselmi, Facultate Theologica, 1978. 504 $aBibliografia in nota a pič pagina. 600 14$aTertullianus, Quintus Septimius Florens,$dc. 160-c. 225.$0(OLS)http://pul/subject/1656 710 2 $aPontificio ateneo S. Anselmo.$bFacoltŕ di teologia.$kTesi.$0(OLS)http://pul/name/82348 850 $aPUL 852 $aPUL$W1$xDP1 Tesi Pon. At. S. Anselmo$y29$mTH ANS 201$j179564$qTesi$B182735$CPULBib$Z2$F182735 $H45927 $82 941 1 $a16 960 $aTertulliano,$dc. 160-c.225$91656 960 $aTertulliano, Quinto Settimio Fiorente,$dc. 160-c. 225$91656 996 $6245$a"Sacrificium Spiritale" in Tertulliano : $bricerca sul significato del culto cristiano / $9(OLS)http://pul/title/195957 996 $6260$aBologna :$b[s.n.]$9(OLS)http://pul/publisher/55909 LEADER 01088nam a2200277 u 4500 001 000000072908 003 CaOOAMICUS 005 20070226122307.0 008 020624s1969 au u000 u ger u 035 $a10934579 040 $aPUL(R)$bita 041 1 $ager$hpol 100 1 $aSchaff, Adam,$b1913-2006.$0(OLS)http://pul/name/13845 240 10$aMarksism a jednostka ludzka.$lTedesco.$0(OLS)http://pul/title/95889 245 10$aMarxismus und das menschliche Individuum /$cAdam Schaff. 260 $aWien :$bEuropa,$c1969. 300 $a349 p. ;$c21 cm 504 $aBibliografia: p. 341-349. 650 4$aMarxismo.$0(OLS)http://pul/subject/4889 650 4$aPersona (filosofia).$0(OLS)http://pul/subject/2012 850 $aPUL 852 $aPUL$W1$xDP1 Cons. Gen., Altre Classi 1$y22$m842 A 25$j94281$nBK-PRI$b $qStampati$B94281$CPULBib$Z2$F94281 $H $81 941 1 $a8 961 $aINV: 61136 996 $6245$aMarxismus und das menschliche Individuum$9(OLS)http://pul/title/95890 996 $6260$aWien :$bEuropa$9(OLS)http://pul/publisher/74161